|
|
|
|
| LEADER |
01929nam a2200493 a 4500 |
| 001 |
nkc20102103994 |
| 003 |
CZ PrNK |
| 005 |
20100708133740.0 |
| 007 |
ta |
| 008 |
100429s2010 xr a e f 000 0 cze |
| 015 |
|
|
|a cnb002103994
|
| 020 |
|
|
|a 978-80-7395-260-0
|q (soubor :
|q brož.)
|
| 020 |
|
|
|a 978-80-7395-263-1
|q (brož.)
|
| 035 |
|
|
|a (OCoLC)649801698
|
| 040 |
|
|
|a BOA001
|b cze
|d ABA001
|
| 072 |
|
7 |
|a 101
|x Filozofie
|2 Konspekt
|9 5
|
| 080 |
|
|
|a 14(38)
|2 MRF
|
| 080 |
|
|
|a 101.8
|2 MRF
|
| 080 |
|
|
|a (072)
|2 MRF
|
| 245 |
0 |
0 |
|a Pracovní listy pro pedagogy.
|n [Svazek č. 3],
|p První filosofové
|
| 246 |
3 |
0 |
|a První filosofové
|
| 250 |
|
|
|a Vyd. 1.
|
| 260 |
|
|
|a Pardubice :
|b Univerzita Pardubice,
|c 2010
|
| 300 |
|
|
|a 20 s. :
|b il. ;
|c 30 cm
|
| 500 |
|
|
|a Na obálce pod názvem: Univerzita Pardubice, Fakulta filozofická
|
| 500 |
|
|
|a "Publikace vznikla v rámci projektu Religionistické a filosofické vzdělávací centrum, CZ.1.07./1.3.12/01.0007"--Rub tit. s.
|
| 500 |
|
|
|a Označení sv. na zadní s. obálky
|
| 500 |
|
|
|a 360 výt.
|
| 504 |
|
|
|a Obsahuje bibliografie a bibliografické odkazy
|
| 505 |
0 |
0 |
|t Pýthagorejci a zlatý řez /
|r Tomáš Hejduk --
|t Péče o duši /
|r Aleš Prázný
|
| 650 |
0 |
7 |
|a řecká antická filozofie
|7 ph128248
|2 czenas
|
| 650 |
0 |
7 |
|a filozofické myšlení
|7 ph137813
|2 czenas
|
| 650 |
0 |
9 |
|a Greek philosophy (ancient)
|2 eczenas
|
| 650 |
0 |
9 |
|a philosophical thought
|2 eczenas
|
| 655 |
|
7 |
|a metodické příručky
|7 fd132826
|2 czenas
|
| 655 |
|
9 |
|a methodological manuals
|2 eczenas
|
| 700 |
1 |
|
|a Hejduk, Tomáš,
|d 1973-
|7 xx0015294
|4 aut
|
| 700 |
1 |
|
|a Prázný, Aleš,
|d 1974-
|7 mzk2003188998
|4 aut
|
| 710 |
2 |
|
|a Univerzita Pardubice.
|b Filozofická fakulta
|7 ko2006325566
|
| 910 |
2 |
|
|a BOA001
|b 4-1243.143,3
|
| 990 |
|
|
|a BK
|
| 995 |
|
|
|a 01
|
| 991 |
|
|
|b 201006
|c NOV
|
| 996 |
6 |
|
|b 2610437264
|c 4-1243.143,3
|l MZK
|r Sklad / do 1 hodiny
|n 1
|p p.v.
|w 001121278
|u 000010
|a 1
|e BOA001
|j MZK50
|s P
|